000
00203 a2200097 4500
001
1171
100
_a
Boulind, H.F
245
_a
Introduction to electricity
260
_a
_b
Mweray
_c
090
_c
733
_d
733
942
_a
NUST-CAE
_c
M
_c
33967
999
_c
236244
_d
236244